Sports Quiz

Random Sports or NFL Quiz

Any NFL Team Besides the Packers Quiz Stats

 Plays Quiz Updated Sep 21, 2018

Challenge
Share
Tweet
Embed
Score 0/16 Timer 02:00
11 Plays Today
Hint Answer % Correct
Won the Super Bowl twice in a rowNew England Patriots
97.3%
Team Name starts with 'P'New England Patriots
97.2%
Play in a stadium not named for a corporationChicago Bears
92.3%
Is in NFC NorthMinnesota Vikings
91.8%
Is in NFC NorthChicago Bears
91.3%
Is in NFC NorthDetroit Lions
88.7%
Won the Super Bowl twice in a rowDallas Cowboys
87%
Won the Super Bowl twice in a rowPittsburgh Steelers
87%
Hint Answer % Correct
Team Name starts with 'P'Carolina Panthers
79.8%
Won the Super Bowl twice in a rowSan Francisco 49ers
79.3%
Play in a stadium not named for a corporationOakland Raiders
68.9%
Won the Super Bowl twice in a rowDenver Broncos
66.2%
Play in a stadium not named for a corporationLos Angeles Rams
65.7%
Won the Super Bowl twice in a rowMiami Dolphins
65.3%
Play in a stadium not named for a corporationKansas City Chiefs
58.8%
Play in a stadium not named for a corporationCincinnati Bengals
52.5%

You're not logged in!

Compare scores with friends on all Sporcle quizzes.
OR
Log In

You Might Also Like...

Show Comments

Extras

Top Quizzes Today


Score Distribution

Your Account Isn't Verified!

In order to create a playlist on Sporcle, you need to verify the email address you used during registration. Go to your Sporcle Settings to finish the process.

Report this User

Report this user for behavior that violates our Community Guidelines.

Details: